[Event "Montigny le Bretonneux Autumn 18th"]
[Site "Montigny le Bretonneux"]
[Date "2019.10.21"]
[Round "3"]
[White "Taramelli, Marc"]
[Black "Boulemnakher, Karim"]
[Result "0-1"]
[WhiteElo "1829"]
[BlackElo "1845"]
[PlyCount "76"]
[EventDate "2019.10.19"]
[EventType "tourn"]
[EventRounds "9"]
[EventCountry "FRA"]
[SourceTitle "CBM 192 Extra"]
[Source "Chessbase"]
[SourceDate "2019.11.06"]
[SourceVersion "1"]
[SourceVersionDate "2019.11.06"]
[SourceQuality "1"]

1. e4 e5 2. Nf3 Nf6 3. Bc4 Nxe4 4. Nc3 Nxc3 5. dxc3 Be7 6. Bxf7+ Kxf7 7. Nxe5+ Kf8 8. Qd5 Qe8 9. 0-0 c6 10. Qf3+ Kg8 11. Bd2 d6 12. Nd3 Qf7 13. Qe3 Bd7 14. Rae1 Bf6 15. Qg3 d5 16. Re3 Na6 17. Rfe1 Re8 18. Rxe8+ Bxe8 19. Ne5 Bxe5 20. Qxe5 Bd7 21. Qe7 h6 22. Qd6 Bf5 23. Re7 Qf6 24. Qxf6 gxf6 25. Rxb7 Rh7 26. Rb3 Bxc2 27. Ra3 Bd3 28. Be3 Rb7 29. b3 Nc7 30. Bxh6 Nb5 31. Ra5 Nxc3 32. Be3 Nb5 33. a4 d4 34. axb5 dxe3 35. bxc6 e2 36. Ra1 Rxb3 37. f3 Rc3 38. Kf2 a6 0-1

[Event "Montigny Autumn-B 16th"]
[Site "Montigny le Bretonneux"]
[Date "2017.10.28"]
[Round "8"]
[White "Claisse, Patrick"]
[Black "Taramelli, Marc"]
[Result "1-0"]
[WhiteElo "1748"]
[BlackElo "1787"]
[PlyCount "63"]
[EventDate "2017.10.21"]
[EventType "tourn"]
[EventRounds "9"]
[EventCountry "FRA"]
[SourceTitle "EXT 2019"]
[Source "ChessBase"]
[SourceDate "2018.10.10"]
[SourceVersion "1"]
[SourceVersionDate "2018.10.10"]
[SourceQuality "1"]

1. e4 c5 2. Nf3 d6 3. d4 cxd4 4. Nxd4 Nf6 5. Nc3 g6 6. Be2 Bg7 7. Be3 0-0 8. 0-0 Nc6 9. Nb3 Bd7 10. f4 Rc8 11. Bf3 a6 12. a4 Na5 13. Nxa5 Qxa5 14. e5 dxe5 15. Bxb7 Rb8 16. Qf3 e4 17. Nxe4 Ng4 18. Nc5 Nxe3 19. Qxe3 Rxb7 20. Nxb7 Qb4 21. Qb3 Qd4+ 22. Kh1 Bc6 23. Na5 Ba8 24. c3 Qe4 25. Rf2 Bh6 26. Qc4 Qf5 27. Nc6 Qd7 28. Ne5 Qf5 29. Rd1 Qh5 30. Qe2 Qxe2 31. Rxe2 Bxf4 32. Nd7 1-0

[Event "Montigny Autumn-B 16th"]
[Site "Montigny le Bretonneux"]
[Date "2017.10.27"]
[Round "7"]
[White "Taramelli, Marc"]
[Black "Plantet, Marc"]
[Result "1-0"]
[WhiteElo "1787"]
[BlackElo "1765"]
[PlyCount "41"]
[EventDate "2017.10.21"]
[EventType "tourn"]
[EventRounds "9"]
[EventCountry "FRA"]
[SourceTitle "EXT 2019"]
[Source "ChessBase"]
[SourceDate "2018.10.10"]
[SourceVersion "1"]
[SourceVersionDate "2018.10.10"]
[SourceQuality "1"]

1. e4 e5 2. Nf3 Nc6 3. Bc4 Bc5 4. c3 Nf6 5. d4 exd4 6. cxd4 Bb4+ 7. Nc3 Nxe4 8. 0-0 Bxc3 9. d5 Bf6 10. Re1 0-0 11. Rxe4 Na5 12. Bd3 c5 13. d6 b6 14. Rg4 Bb7 15. Ng5 g6 16. Ne4 Re8 17. Qf3 Bxe4 18. Rxe4 Nc6 19. Rxe8+ Qxe8 20. Qxf6 Qe1+ 21. Bf1 1-0

[Event "Montigny Autumn-B 16th"]
[Site "Montigny le Bretonneux"]
[Date "2017.10.23"]
[Round "3"]
[White "Conq, Alain"]
[Black "Taramelli, Marc"]
[Result "0-1"]
[WhiteElo "1829"]
[BlackElo "1787"]
[PlyCount "92"]
[EventDate "2017.10.21"]
[EventType "tourn"]
[EventRounds "9"]
[EventCountry "FRA"]
[SourceTitle "EXT 2019"]
[Source "ChessBase"]
[SourceDate "2018.10.10"]
[SourceVersion "1"]
[SourceVersionDate "2018.10.10"]
[SourceQuality "1"]

1. d4 d5 2. c4 e6 3. Nc3 Nf6 4. Nf3 c6 5. e3 Nbd7 6. Bd3 dxc4 7. Bxc4 b5 8. Bd3 a6 9. e4 c5 10. e5 cxd4 11. Nxb5 axb5 12. exf6 gxf6 13. 0-0 Qb6 14. Be4 Bb7 15. Bxb7 Qxb7 16. Nxd4 Rg8 17. Qf3 Qxf3 18. Nxf3 Bc5 19. Re1 Ke7 20. Be3 Bxe3 21. Rxe3 Rac8 22. Nd4 Rc5 23. Rb3 Rgg5 24. Kf1 Rgd5 25. Ne2 Rc2 26. Re1 Rdd2 27. Rxb5 Ne5 28. Rb3 Nd3 29. Rb1 Rxe2 30. Rxd3 Rxf2+ 31. Ke1 Rxg2 32. Kd1 Rxh2 33. a4 Rcg2 34. Kc1 Rh1+ 35. Rd1 Rxd1+ 36. Kxd1 Rg1+ 37. Kc2 Rxb1 38. Kxb1 Kd7 39. Kc2 Kc6 40. b4 h5 41. Kd3 h4 42. Ke3 Kd5 43. a5 Kc6 44. a6 f5 45. b5+ Kb6 46. Kf3 e5 0-1

[Event "Montigny Autumn-B 16th"]
[Site "Montigny le Bretonneux"]
[Date "2017.10.22"]
[Round "2"]
[White "Taramelli, Marc"]
[Black "Verat Fayolle, Celian"]
[Result "1/2-1/2"]
[WhiteElo "1787"]
[BlackElo "1734"]
[PlyCount "89"]
[EventDate "2017.10.21"]
[EventType "tourn"]
[EventRounds "9"]
[EventCountry "FRA"]
[SourceTitle "EXT 2019"]
[Source "ChessBase"]
[SourceDate "2018.10.10"]
[SourceVersion "1"]
[SourceVersionDate "2018.10.10"]
[SourceQuality "1"]

1. e4 e5 2. Nf3 Nc6 3. Bc4 Be7 4. d4 exd4 5. c3 Na5 6. Bd3 dxc3 7. Nxc3 d6 8. 0-0 Nf6 9. e5 dxe5 10. Qa4+ Nc6 11. Nxe5 Bd7 12. Nxd7 Qxd7 13. Rd1 Qd4 14. Qxd4 Nxd4 15. Bb5+ Nc6 16. Bf4 Rc8 17. Re1 Kd7 18. Rad1+ Bd6 19. Bc4 Nd8 20. Nb5 Ne8 21. Nxa7 Ra8 22. Nb5 Kc6 23. Nxd6 Nxd6 24. Bxd6 cxd6 25. Bd5+ Kd7 26. Re3 Re8 27. Red3 Ra6 28. Bc4 Rb6 29. b3 Ne6 30. a4 Kc7 31. a5 Rb4 32. Rxd6 Rd8 33. Rxd8 Nxd8 34. g3 f6 35. Kf1 Nc6 36. Rd5 Ne5 37. Rb5 Rxb5 38. Bxb5 Nc6 39. a6 Kb6 40. Bxc6 bxc6 41. a7 Kxa7 42. Ke2 Kb6 43. Kd3 Kc5 44. Kc3 g6 45. b4+ 1/2-1/2

[Event "Paris-ch op-B"]
[Site "Paris"]
[Date "2009.07.07"]
[Round "4"]
[White "Schreiner, Richard"]
[Black "Taramelli, Marc"]
[Result "0-1"]
[WhiteElo "1770"]
[BlackElo "1869"]
[PlyCount "88"]
[EventDate "2009.07.04"]
[EventType "swiss"]
[EventRounds "9"]
[EventCountry "FRA"]
[SourceTitle "EXT 2010"]
[Source "ChessBase"]
[SourceDate "2010.11.25"]
[SourceVersion "1"]
[SourceVersionDate "2010.11.25"]
[SourceQuality "1"]

1. d4 d5 2. e3 e6 3. Bd3 Nf6 4. Nd2 b6 5. Qe2 Bb7 6. c3 Nbd7 7. f4 Ne4 8. Ngf3 Be7 9. 0-0 0-0 10. Ne5 f5 11. Ndf3 c5 12. Bb5 Nxe5 13. Nxe5 Bd6 14. Bd2 cxd4 15. exd4 Rf6 16. Be1 Rh6 17. Rc1 a6 18. Ba4 Bxe5 19. fxe5 Qg5 20. Rd1 Rf8 21. Bd2 f4 22. Rf3 Qh5 23. h3 Ng5 24. Rdf1 Nxf3+ 25. Rxf3 Rg6 26. Be1 Rh6 27. Qf2 g5 28. g4 Qf7 29. Bc2 a5 30. Qe2 Qd7 31. Bd3 Bc6 32. Kh2 b5 33. a3 Rb8 34. Bd2 Qb7 35. Be1 Be8 36. Kg2 Bg6 37. Bxg6 Rxg6 38. h4 h6 39. h5 Rg7 40. Rf2 Qc6 41. Kf3 Qc4 42. Qc2 b4 43. Qe2 Qxe2+ 44. Rxe2 bxa3 0-1

[Event "Paris-ch op-B"]
[Site "Paris"]
[Date "2009.07.06"]
[Round "3"]
[White "Taramelli, Marc"]
[Black "Desurmont, Gerard"]
[Result "1-0"]
[WhiteElo "1869"]
[BlackElo "1755"]
[PlyCount "61"]
[EventDate "2009.07.04"]
[EventType "swiss"]
[EventRounds "9"]
[EventCountry "FRA"]
[SourceTitle "EXT 2010"]
[Source "ChessBase"]
[SourceDate "2010.11.25"]
[SourceVersion "1"]
[SourceVersionDate "2010.11.25"]
[SourceQuality "1"]

1. e4 c5 2. Nf3 d6 3. d4 cxd4 4. Nxd4 Nf6 5. Nc3 a6 6. Bc4 Qc7 7. Bb3 e6 8. Be3 Be7 9. Qe2 Nbd7 10. 0-0-0 b5 11. g4 Bb7 12. Bxe6 fxe6 13. Nxe6 Qa5 14. Nxg7+ Kd8 15. Ne6+ Kc8 16. f3 Nb6 17. Bxb6 Qxb6 18. g5 Nd7 19. Nd5 Bxd5 20. exd5 Kb7 21. f4 Rhc8 22. Nd4 Re8 23. Qd3 Nf8 24. Rhe1 Ng6 25. Qf3 Bf8 26. Re6 Rac8 27. Qe4 Red8 28. h4 Qc7 29. Nc6 Rd7 30. f5 Ne5 31. Nxe5 1-0

[Event "Ermont op 1st"]
[Site "Ermont"]
[Date "2009.05.08"]
[Round "2"]
[White "Taramelli, Marc"]
[Black "Sauvetre, Alain"]
[Result "1-0"]
[WhiteElo "1877"]
[BlackElo "2068"]
[PlyCount "60"]
[EventDate "2009.05.08"]
[EventType "swiss"]
[EventRounds "6"]
[EventCountry "FRA"]
[SourceTitle "EXT 2011"]
[Source "ChessBase"]
[SourceDate "2010.11.26"]
[SourceVersion "1"]
[SourceVersionDate "2010.11.26"]
[SourceQuality "1"]

1. e4 e6 2. d4 d5 3. Nc3 dxe4 4. Nxe4 Nf6 5. Bd3 Be7 6. Nf3 Nxe4 7. Bxe4 Nd7 8. 0-0 Nf6 9. Bd3 0-0 10. c3 b6 11. Bg5 Bb7 12. Qe2 c5 13. Rad1 cxd4 14. Bxf6 Bxf6 15. Be4 Qc8 16. Bxb7 Qxb7 17. Nxd4 Rfd8 18. Nf3 b5 19. Ne5 Rd5 20. Rxd5 Qxd5 21. Ng4 Be7 22. Rd1 Qb7 23. Qd3 h5 24. Ne5 Rd8 25. Qe2 g6 26. Rxd8+ Bxd8 27. Qd3 Bb6 28. Nd7 a6 29. Qd6 Qe4 30. Qf8+ Kh7 1-0

[Event "Bois Colombes op 2nd"]
[Site "Bois Colombes"]
[Date "2005.12.25"]
[Round "5"]
[White "Petermans, Pascal"]
[Black "Taramelli, Marc"]
[Result "1/2-1/2"]
[WhiteElo "2028"]
[BlackElo "1840"]
[PlyCount "100"]
[EventDate "2005.12.21"]
[EventType "swiss"]
[EventRounds "6"]
[EventCountry "FRA"]
[SourceTitle "EXT 2007"]
[Source "ChessBase"]
[SourceDate "2006.11.23"]
[SourceVersion "1"]
[SourceVersionDate "2006.11.23"]
[SourceQuality "1"]

1. d4 d5 2. c4 e6 3. Nc3 Nf6 4. cxd5 exd5 5. Bg5 Be7 6. e3 c6 7. Qc2 Be6 8. Bd3 Nbd7 9. Nge2 h6 10. Bh4 0-0 11. f3 c5 12. 0-0 Ne8 13. Bf2 Ndf6 14. Rad1 Qc8 15. dxc5 Bxc5 16. Nb5 Bb6 17. Qb1 Qd8 18. Nbd4 Bd7 19. Bb5 Bxb5 20. Nxb5 Qe7 21. Nbd4 Nd6 22. b3 Rac8 23. Rc1 g6 24. Rxc8 Rxc8 25. Rc1 Qe8 26. Rc2 Rxc2 27. Qxc2 Nd7 28. Qd2 Kg7 29. Qc3 Nf6 30. Bh4 g5 31. Bg3 Bxd4 32. Nxd4 Qc8 33. Qxc8 Nxc8 34. Kf2 Ne7 35. Bb8 a6 36. Ke2 Kg6 37. Kd3 Nd7 38. Bd6 Nc8 39. Bg3 h5 40. Ne2 f5 41. Kd4 Nf6 42. Be5 Ne7 43. Kd3 Nc6 44. Bc3 Nd7 45. Nd4 Nde5+ 46. Kd2 Nxd4 47. Bxd4 Nc6 48. Bc3 Kf7 49. Kd3 Ke6 50. h3 g4 1/2-1/2